Indian Society: (Record no. 186764)

MARC details
000 -LEADER
fixed length control field 00663nam a22002057a 4500
005 - DATE AND TIME OF LATEST TRANSACTION
control field 20220314172241.0
010 ## - LCCN (DPL NO)
LC control number ENG-131985
020 ## - INTERNATIONAL STANDARD BOOK NUMBER
International Standard Book Number 9789355320674
Terms of availability 350.00
035 ## - SYSTEM CONTROL NUMBER
System control number EN-115517
037 ## - SOURCE OF ACQUISITION
Source of stock number/acquisition DBAD
082 ## - DEWEY DECIMAL CLASSIFICATION NUMBER
Classification number 301.954
100 ## - MAIN ENTRY--PERSONAL NAME
Personal name Hasnain, Nadeem
245 ## - TITLE STATEMENT
Title Indian Society:
Remainder of title Themes and Social Issues/
Statement of responsibility, etc Nadeem Hasnain and Aseem Hasnain
250 ## - EDITION STATEMENT
Edition statement Second Edition
260 ## - PUBLICATION, DISTRIBUTION, ETC. (IMPRINT)
Place of publication, distribution, etc Chennai
Name of publisher, distributor, etc McGraw Hill Education Private Limited
Date of publication, distribution, etc 2022
270 ## - ADDRESS
Address Anjana Complex, No. 5/90A, Butt Road, St. Thomas Mount
City Chennai
Postal code 600016
300 ## - PHYSICAL DESCRIPTION
Extent xxiii, vp.
Dimensions 24cm(pbk)
700 ## - ADDED ENTRY--PERSONAL NAME
Personal name Hasnain, Aseem
942 ## - ADDED ENTRY ELEMENTS (KOHA)
Source of classification or shelving scheme Dewey Decimal Classification
Item type English Books
Classification part 301.954
Call number suffix HAS
Holdings
Withdrawn status Lost status Not for loan Collection code Home library Current library Date acquired Source of acquisition Cost, normal purchase price Full call number Barcode Copy number Cost, replacement price Koha item type
      Non-fiction Central Library Central Library 14/03/2022 DBAD/PUB 350.00 301.954 HAS EN-115517 1 350.00 English Books

© Delhi Public Library
Hit Counter
free hit counter